Statistics for Name the fruit by picture/logo

Click here to take the quiz!

General Stats

  • This quiz has been taken 22 times
  • The average score is 13 of 15

Answer Stats

Answer% Correct
apple
100%
banana
100%
orange
100%
grapes
95%
mango
95%
pear
95%
pineapple
95%
strawberry
95%
blackberry
90%
cherry
90%
kiwi
90%
watermelon
90%
lemon
81%
pomegranate
71%
guava
38%

Score Distribution

Percentile by Number Answered

Percent of People with Each Score

Your Score History

You have not taken this quiz